MARC details
| 000 -LEADER |
| fixed length control field |
01955nam a2200277 i 4500 |
| 003 - CONTROL NUMBER IDENTIFIER |
| control field |
CSPC |
| 005 - DATE AND TIME OF LATEST TRANSACTION |
| control field |
20260216135957.0 |
| 008 - FIXED-LENGTH DATA ELEMENTS--GENERAL INFORMATION |
| fixed length control field |
260216c2020 ph ar i 00 0 eng d |
| 022 ## - INTERNATIONAL STANDARD SERIAL NUMBER |
| International Standard Serial Number |
0016-4139 |
| 040 ## - CATALOGING SOURCE |
| Original cataloging agency |
CSPC |
| Language of cataloging |
eng |
| Transcribing agency |
CSPC |
| Description conventions |
rda |
| 245 00 - TITLE STATEMENT |
| Title |
BU r&d journal : |
| Remainder of title |
CHED accredited journal. |
| 264 #1 - PRODUCTION, PUBLICATION, DISTRIBUTION, MANUFACTURE, AND COPYRIGHT NOTICE |
| Place of production, publication, distribution, manufacture |
Legazpi City : |
| Name of producer, publisher, distributor, manufacturer |
Bicol University Research and Development Center, |
| Date of production, publication, distribution, manufacture, or copyright notice |
2020. |
| 300 ## - PHYSICAL DESCRIPTION |
| Extent |
volumes : |
| Other physical details |
illustrations ; |
| Dimensions |
27 cm. |
| 336 ## - CONTENT TYPE |
| Source |
rdacontent |
| Content type term |
text |
| 337 ## - MEDIA TYPE |
| Source |
rdamedia |
| Media type term |
unmediated |
| 338 ## - CARRIER TYPE |
| Source |
rdacarrier |
| Carrier type term |
volume |
| 362 ## - DATES OF PUBLICATION AND/OR SEQUENTIAL DESIGNATION |
| Dates of publication and/or sequential designation |
Volume 23 |
| 490 0# - SERIES STATEMENT |
| Series statement |
Official refereed journal of Bicol University Legazpi City, Philippines. |
| 504 ## - BIBLIOGRAPHY, ETC. NOTE |
| Bibliography, etc. note |
Include bibliographical references |
| 505 0# - FORMATTED CONTENTS NOTE |
| Formatted contents note |
Institutional capacity of Bicol University related to safe water, sanitation, and hygiene -- Global citizenship education in Bicol University proposed framework and action plan -- Effectiveness of laddered preschool education program in preparing preschool teachers -- Mapping of the cultural heritage in the relevance of Mayon Volcano to the locals of Sto. Domingo, Albay, Philippines -- Haranang Bicol: stories and reflections on traditional courtship of harana practitioners in Albay Province, Philippines -- Learner-centered acts of academic care' within the practice of teacher-centered instruction of rural teacher in Bicol -- The practicality and applicability of using indigenous knowledge for disaster risk reduction and climate change adaptation in four municipalities in the province of Sorsogon, Philippines -- Indigenous knowledge system (IKS) in crop farming in Albay province, Philippines: An analysis for validation studies. |
| 650 ## - SUBJECT ADDED ENTRY--TOPICAL TERM |
| Topical term or geographic name entry element |
Research |
| Form subdivision |
Periodicals. |
| 650 ## - SUBJECT ADDED ENTRY--TOPICAL TERM |
| Topical term or geographic name entry element |
Universities and college |
| Form subdivision |
Periodicals. |
| 700 #1 - ADDED ENTRY--PERSONAL NAME |
| Personal name |
Guerrero, Jonathan Jaime G., |
| Relator term |
editor. |
| 942 ## - ADDED ENTRY ELEMENTS (KOHA) |
| Source of classification or shelving scheme |
Dewey Decimal Classification |
| Suppress in OPAC |
No |
| Koha item type |
Serials |
| Item part |
B85 |
| Call number prefix |
SER |
| Call number suffix |
2010 |